Hospodárske oživenie Poľska
Zrýchlenie tempa hospodárskeho rozvoja Poľska po jeho vstupe do EÚ. Vysoká dynamika obchodných obratov so zahraničím. Oživenie aktivity priemyselných podnikov. Pokles reálnych miezd a zníženie individuálnej spotreby. Priaznivý vývoj v agropotravinárskom sektore.Situácia v zahraničnom obchode. Základ...
Na minha lista:
| Formato: | Capítulo de Livro |
|---|---|
| Idioma: | eslovaco |
| Assuntos: | |
| Tags: |
Sem tags, seja o primeiro a adicionar uma tag!
|
MARC
| LEADER | 00000naa$a2200000$$$4500 | ||
|---|---|---|---|
| 001 | 0027846 | ||
| 005 | 20231009070155.3 | ||
| 041 | 0 | |a slo | |
| 044 | |a SK | ||
| 245 | 1 | 0 | |a Hospodárske oživenie Poľska |
| 520 | |a Zrýchlenie tempa hospodárskeho rozvoja Poľska po jeho vstupe do EÚ. Vysoká dynamika obchodných obratov so zahraničím. Oživenie aktivity priemyselných podnikov. Pokles reálnych miezd a zníženie individuálnej spotreby. Priaznivý vývoj v agropotravinárskom sektore.Situácia v zahraničnom obchode. Základné ukazovatele hospodárskej situácie v Poľsku za obdobie 1995-2005. | ||
| 610 | 2 | 0 | |a rozvoj hospodársky |
| 610 | 2 | 0 | |a odvetvia činnosti ekonomickej |
| 610 | 2 | 0 | |a výroba priemyselná |
| 610 | 2 | 0 | |a potravinárstvo |
| 610 | 2 | 0 | |a obchod zahraničný |
| 610 | 2 | 0 | |a produkt národný hrubý |
| 610 | 2 | 0 | |a spolupráca hospodárska medzinárodná |
| 610 | 2 | 0 | |a analýza ekonomická |
| 610 | 2 | 0 | |a Poľsko |